000 00521 a2200205 4500
005 20260213162601.0
008 260212b |||||||| |||| 00| 0 eng d
020 _a9781032447933
_c£ 48.99
040 _aMAIN
082 _a337
_bO1I(7)
100 _aOatley, Thomas
245 _aInternational political economy
250 _a7th
260 _bRoutledge
_c2023
_anew York
300 _axvii, 413
650 _aEconomics
650 _aPolitical Economy
650 _aInternational Political Theory
942 _cBK
999 _c395289
_d395289